The Verilog hardware description language /

Bibliographic Details
Main Author: Thomas, D. E. (Donald E.), 1951-
Other Authors: Moorby, Philip R., 1953-
Format: Book
Language:English
Published: Boston : Kluwer Academic Publishers, [1991]
Subjects:

MARC

Tag First Indicator Second Indicator Subfields
LEADER 00000cam a2200000 a 4500
001 in00001007357
005 20150927215142.0
008 900914s1991 maua 00110 eng
010 |a  90048370  
020 |a 0792391268 (alk. paper) 
035 |a (OCoLC)22512103 
035 |9 AFD5784AM 
040 |a DLC  |c DLC  |d TXA  |d UtOrBLW 
049 |a TXAM 
050 0 0 |a TK7885.7  |b .T48 1991 
082 0 0 |a 621.39/2  |2 20 
100 1 |a Thomas, D. E.  |q (Donald E.),  |d 1951- 
245 1 4 |a The Verilog hardware description language /  |c by Donald E. Thomas and Philip R. Moorby. 
264 1 |a Boston :  |b Kluwer Academic Publishers,  |c [1991] 
264 4 |c ©1991 
300 |a xiv, 223 pages :  |b illustrations ;  |c 25 cm. 
336 |a text  |b txt  |2 rdacontent 
337 |a unmediated  |b n  |2 rdamedia 
338 |a volume  |b nc  |2 rdacarrier 
500 |a Includes index. 
650 0 |a Verilog (Computer hardware description language) 
700 1 |a Moorby, Philip R.,  |d 1953- 
999 |a MARS 
999 f f |s f84ebe85-cf25-3b26-b6a5-df1a2d1dd5b9  |i 3d2dae2a-9dc0-3f6e-9496-b1ae781ce2e6  |t 0 
952 f f |p ric  |a Texas A&M University  |b Rellis Campus  |c Joint Library Facility  |s JLF  |d Remote Storage  |t 0  |e TK7885.7 .T48 1991  |h Library of Congress classification  |i unmediated -- volume  |m A14817418114 
998 f f |a TK7885.7 .T48 1991  |t 0  |l Remote Storage